| 000 -LEADER |
| fixed length control field |
00642cam a22002299314500 |
| 001 - CONTROL NUMBER |
| control field |
113467932387 |
| 005 - DATE AND TIME OF LATEST TRANSACTION |
| control field |
20191010095548.0 |
| 008 - FIXED-LENGTH DATA ELEMENTS--GENERAL INFORMATION |
| fixed length control field |
1472568s1992 xx 000 0 eng |
| 010 ## - LIBRARY OF CONGRESS CONTROL NUMBER |
| LC control number |
75213439 |
| 020 ## - INTERNATIONAL STANDARD BOOK NUMBER |
| International Standard Book Number |
(hbk.) |
| 035 ## - SYSTEM CONTROL NUMBER |
| System control number |
(OCoLC)47783219 |
| 050 01 - LIBRARY OF CONGRESS CALL NUMBER |
| Classification number |
TP580 |
| Item number |
.W69 1985 |
| 082 ## - DEWEY DECIMAL CLASSIFICATION NUMBER |
| Classification number |
621.7 |
| Item number |
BEG |
| 100 ## - MAIN ENTRY--PERSONAL NAME |
| Personal name |
Begman, Myron L. |
| 245 ## - TITLE STATEMENT |
| Title |
Manufacturing processes/ |
| Statement of responsibility, etc |
Myron L.Begman |
| 250 ## - EDITION STATEMENT |
| Edition statement |
4th ed. |
| 260 ## - PUBLICATION, DISTRIBUTION, ETC. (IMPRINT) |
| Place of publication, distribution, etc |
New york: |
| Name of publisher, distributor, etc |
John wiley & sons, |
| Date of publication, distribution, etc |
1952. |
| 300 ## - PHYSICAL DESCRIPTION |
| Extent |
X.608p. : |
| Other physical details |
ill. ; |
| Dimensions |
22 cm. |
| 504 ## - BIBLIOGRAPHY, ETC. NOTE |
| Bibliography, etc |
Includes index and references. |
| 650 #0 - SUBJECT ADDED ENTRY--TOPICAL TERM |
| Topical term or geographic name as entry element |
Manufacturing processes. |
| 650 #0 - SUBJECT ADDED ENTRY--TOPICAL TERM |
| Topical term or geographic name as entry element |
Mechanical engineering . |